|
|
|
|
| LEADER |
01723nam a2200445Ia 4500 |
| 001 |
EBC459662 |
| 003 |
MiAaPQ |
| 005 |
20200520144314.0 |
| 006 |
m o d | |
| 007 |
cr cn||||||||| |
| 008 |
071031s2007 dcua sb 000 0 eng d |
| 010 |
|
|
|z 2007299871
|
| 020 |
|
|
|z 0821371592
|
| 020 |
|
|
|z 9780821371596
|
| 035 |
|
|
|a (MiAaPQ)EBC459662
|
| 035 |
|
|
|a (Au-PeEL)EBL459662
|
| 035 |
|
|
|a (CaPaEBR)ebr10180739
|
| 035 |
|
|
|a (CaONFJC)MIL94036
|
| 035 |
|
|
|a (OCoLC)234083941
|
| 040 |
|
|
|a MiAaPQ
|c MiAaPQ
|d MiAaPQ
|
| 050 |
|
4 |
|a HV240.7
|b .R56 2007
|
| 100 |
1 |
|
|a Ringold, Dena,
|d 1970-
|
| 245 |
1 |
0 |
|a Social assistance in the new EU member states
|h [electronic resource] :
|b strengthening performance and labor market incentives /
|c Dena Ringold, Leszek Kasek.
|
| 260 |
|
|
|a Washington, D.C. :
|b World Bank,
|c c2007.
|
| 300 |
|
|
|a xvii, 68 p. :
|b ill.
|
| 490 |
1 |
|
|a World Bank working paper ;
|v no. 117
|
| 504 |
|
|
|a Includes bibliographical references (p. 67-68).
|
| 533 |
|
|
|a Electronic reproduction. Ann Arbor, MI : ProQuest, 2015. Available via World Wide Web. Access may be limited to ProQuest affiliated libraries.
|
| 650 |
|
0 |
|a Manpower policy
|z Europe, Eastern.
|
| 650 |
|
0 |
|a Manpower policy
|z European Union countries.
|
| 650 |
|
0 |
|a Public welfare
|z Europe, Eastern.
|
| 650 |
|
0 |
|a Public welfare
|z European Union countries.
|
| 651 |
|
0 |
|a Europe, Eastern
|x Social policy.
|
| 651 |
|
0 |
|a European Union countries
|x Social policy.
|
| 655 |
|
4 |
|a Electronic books.
|
| 700 |
1 |
|
|a Kasek, Leszek.
|
| 710 |
2 |
|
|a World Bank.
|
| 710 |
2 |
|
|a ProQuest (Firm)
|
| 830 |
|
0 |
|a World Bank working paper ;
|v no. 117.
|
| 856 |
4 |
0 |
|u https://ebookcentral.proquest.com/lib/matrademy/detail.action?docID=459662
|z Click to View
|